000 00304nam a22001337a 4500
008 171208b xxu||||| |||| 00| 0 eng d
020 _a0830692797
041 _aeng
080 _23RD
_a004
100 _a28
101 _aSHKI
245 _aCOMPUTER TECHNICIAN'S HANDBOOK
_cMARGOLIS, A
942 _2udc
_cBK
999 _c38844
_d38844